Radical Reactions (Organic Chemistry) - Statistics

General Stats
  • This quiz has been taken 24 times
  • The average score is 5 of 9
Answer Stats
Question Answer % Correct
What are the three basic stages of a radical reaction? Initiation, propagation, and termination
79%
Which radical is the most stable? Tertiary
71%
What picture best represents heterolytic bond cleavage?
64%
Which is the most stable radical? benzylic
64%
What picture best represents homolytic bond cleavage?
57%
What is a radical inhibitor A compound that prevents a chain process from getting started or continuing
57%
What is a radical initiator? A compound with a weak bond that uundergoes homolytic bond cleavage with ease
50%
radicals have (effectively) a __________ geometry and are (effectively) ___ hybridized trigonal planar, sp2
43%
Least stable radical? vinylic
43%
No matching quizzes found
Score Distribution
Percent of People with Each Score
Percentile by Number Answered
Your Score History
You have not taken this quiz